100 Biggest U.S. Cities West of the Mississippi River in 1890 - Statistics

General Stats
  • This quiz has been taken 44 times
  • The average score is 58 of 100
Answers on the Map
Answers color-coded by a green-red scale on the quiz's map according to % correct below.
 
Answer Stats
Population State Cities % Correct
38,067 TX Dallas
100%
106,713 CO Denver
100%
50,093 IA Des Moines
100%
10,532 OR East Portland
100%
10,338 TX El Paso
100%
27,557 TX Houston
100%
132,716 MO Kansas City
100%
38,316 KS Kansas City
100%
50,395 CA Los Angeles
100%
164,738 MN Minneapolis
100%
46,385 OR Portland
100%
26,386 CA Sacramento
100%
44,843 UT Salt Lake City
100%
16,159 CA San Diego
100%
298,997 CA San Francisco
100%
42,837 WA Seattle
100%
451,770 MO St. Louis
100%
11,690 WY Cheyenne
97%
23,076 TX Fort Worth
97%
25,874 AR Little Rock
97%
140,452 NE Omaha
97%
37,673 TX San Antonio
97%
18,060 CA San Jose
97%
8,062 NE South Omaha
97%
14,575 TX Austin
94%
11,140 CO Colorado Springs
94%
55,154 NE Lincoln
94%
31,007 KS Topeka
94%
23,853 KS Wichita
91%
29,084 TX Galveston
89%
10,177 SD Sioux Falls
89%
10,818 CA Fresno
86%
13,834 MT Helena
86%
19,922 WA Spokane Falls
86%
36,006 WA Tacoma
86%
6,742 MO Jefferson City
83%
48,682 CA Oakland
83%
11,979 LA Shreveport
83%
18,020 IA Cedar Rapids
80%
11,319 TX Laredo
80%
37,806 IA Sioux City
80%
14,889 UT Ogden
77%
21,850 MO Springfield
77%
14,424 CA Stockton
74%
7,016 IA Iowa City
71%
26,872 IA Davenport
69%
14,445 TX Waco
69%
10,723 MT Butte
63%
30,311 IA Dubuque
63%
11,311 AR Fort Smith
60%
24,558 CO Pueblo
60%
52,324 MO St. Joseph
60%
21,474 IA Council Bluffs
51%
9,943 MO Joplin
49%
9,997 KS Lawrence
49%
6,908 TX Tyler
49%
6,747 NE Fremont
43%
7,536 NE Grand Island
43%
8,086 AR Hot Springs
43%
9,952 AR Pine Bluff
43%
7,686 MN St. Cloud
43%
6,674 IA Waterloo
40%
12,857 MO Hannibal
34%
8,074 NE Kearney
34%
22,565 IA Burlington
31%
8,838 MN Mankato
31%
8,511 NV Virginia City
31%
8,254 TX Paris
29%
11,165 CA Alameda
26%
14,101 IA Keokuk
26%
14,001 IA Ottumwa
26%
7,335 TX Sherman
26%
18,208 MN Winona
26%
13,584 NE Hastings
23%
8,682 KS Hutchinson
23%
19,768 KS Leavenworth
23%
13,963 KS Atchison
20%
13,619 IA Clinton
20%
10,958 TX Denison
20%
10,384 CO Leadville
20%
7,207 TX Marshall
20%
11,494 NE Nebraska City
20%
14,068 MO Sedalia
20%
11,454 IA Muscatine
17%
6,558 IA Oskaloosa
17%
6,697 KS Pittsburg
17%
13,836 NE Beatrice
14%
7,551 KS Emporia
14%
6,594 TX Gainesville
14%
8,914 IA Marshalltown
14%
8,347 KS Arkansas City
11%
7,981 MO Carthage
11%
7,901 IA Fort Madison
11%
8,215 MO Moberly
11%
7,262 MO Nevada
11%
11,946 KS Fort Scott
9%
6,520 IA Boone
6%
6,736 KS Parsons
6%
8,392 NE Plattsmouth
6%
7,200 IA Creston
3%
No matching quizzes found
Score Distribution
Percent of People with Each Score
Percentile by Number Answered
Your Score History
You have not taken this quiz